• 首页
  • 本馆介绍
  • 公告通知
  • 最新文献
  • 馆藏检索
  • 电子资源
  • 读者导购
  • 参考咨询
  • 我的图书馆
  • 登录
  • 详细信息显示
  • 放入我的书架
  • 预约/预借图书
  • 作者相关作品
  • 分类相关作品
  • 丛书相关作品
  • 出版社相关作品

书目信息

  • 表格格式
  • 工作单格式
  • 卡片格式
题名:
詹天佑照片集
    
 
作者: ;詹天佑科学技术发展基金会 , 詹天佑历史文献汇编编纂委员会 编著
分册:  
出版信息: 北京   中国铁道出版社有限公司  2020.12
页数: 11,305页
开本: 26cm
丛书名:
单 册:
中图分类: K826.16
科图分类:
主题词:
电子资源:
ISBN: 978-7-113-27319-4
000 01081nam0 2200253 450
001 2157982572
005 20211011172911.0
010    @a978-7-113-27319-4@dCNY86.00
100    @a20210511d2020 em y0chiy0120 ea
101 0  @achi
102    @aCN@b110000
105    @aa z 000yd
106    @ar
200 1  @a詹天佑照片集@Azhan tian you zhao pian ji@f詹天佑科学技术发展基金会,《詹天佑历史文献汇编》编纂委员会编著
210    @a北京@c中国铁道出版社有限公司@d2020.12
215    @a11,305页@c图@d26cm
300    @a詹天佑历史文献汇编
330    @a本书收录了与詹天佑相关的历史照片,包括:詹天佑及其亲属的生活照片;其祖居地婺源、出生地广州和武汉家居的照片;詹天佑设计、施工的工程照片;詹天佑及其共事同仁的照片。
600  0 @a詹天佑@Azhan tian you@f(1861-1919)@x生平事迹@j摄影集
690    @aK826.16@v5
711 02 @a詹天佑科学技术发展基金会@Azhan tian you ke xue ji shu fa zhan ji jin hui@4编著
711 02 @a詹天佑历史文献汇编编纂委员会@Azhan tian you li shi wen xian hui bian bian zuan wei yuan hui@4编著
801  0 @aCN@b百万庄@c20211006
905    @b1305849-852@dK826.16@e262@f4
    
    詹天佑照片集/詹天佑科学技术发展基金会,《詹天佑历史文献汇编》编纂委员会编著.-北京:中国铁道出版社有限公司,2020.12
    11,305页:图;26cm
    詹天佑历史文献汇编
    
    ISBN 978-7-113-27319-4:CNY86.00
    本书收录了与詹天佑相关的历史照片,包括:詹天佑及其亲属的生活照片;其祖居地婺源、出生地广州和武汉家居的照片;詹天佑设计、施工的工程照片;詹天佑及其共事同仁的照片。
●
相关链接 在E读中查询图书 在五车中查询图书 在当当中查询图书 在豆瓣中查询图书


正题名:詹天佑照片集     索取号:K826.16/262         预约/预借

序号 登录号 条形码 馆藏地/架位号 状态 备注
1 1305849   213058493   第二样本阅览室/ [索取号:K826.16/262] 在馆    
2 1305850   213058509   第二借阅区/ [索取号:K826.16/262] 在馆    
3 1305851   213058518   第二借阅区/ [索取号:K826.16/262] 在馆    
4 1305852   213058527   第二借阅区/ [索取号:K826.16/262] 在馆    
唐山师范学院图书馆 欢迎您!
大连网信软件有限公司© 版权所有